<?xml version="1.0" encoding="UTF-8"?>
<collection xmlns="http://www.loc.gov/MARC21/slim">
 <record>
  <leader>00409pamaa2200133   4500</leader>
  <controlfield tag="001">0000027662</controlfield>
  <controlfield tag="005">20070131090000.0</controlfield>
  <datafield tag="020" ind1="0" ind2="0">
   <subfield code="a">01269178 </subfield>
  </datafield>
  <datafield tag="090" ind1="0" ind2="0">
   <subfield code="a">HD890.6.Z63 </subfield>
   <subfield code="b">PRO 1986</subfield>
  </datafield>
  <datafield tag="110" ind1="1" ind2="0">
   <subfield code="a">MINISTRY OF FINANCE MALAYSIA</subfield>
  </datafield>
  <datafield tag="245" ind1="0" ind2="0">
   <subfield code="a">PROPERTY Market report 1985  </subfield>
   <subfield code="c">Ministry of Finance Malaysia.</subfield>
  </datafield>
  <datafield tag="260" ind1="0" ind2="0">
   <subfield code="a">Kuala Lumpur: </subfield>
   <subfield code="b">National Institute of Valuation, </subfield>
   <subfield code="c">1986.</subfield>
  </datafield>
  <datafield tag="300" ind1=" " ind2=" ">
   <subfield code="a">xiii, 327p.: </subfield>
   <subfield code="b">ill.; </subfield>
   <subfield code="c">28cm.</subfield>
  </datafield>
  <datafield tag="650" ind1="0" ind2="0">
   <subfield code="a">Property </subfield>
  </datafield>
 </record>
</collection>
